000 00601nam a2200205Ia 4500
001 12762
003 GE_BSU
008 181216s||||||||xx |||||||||||||| ||und||
040 _cGE_BSU
080 _a634.1(075.32)
100 _aКурындин,И.И. Малынковский,В.В. Веньяминов,А.Н. Велохонов,И.В.
245 _aПлодоводство
245 _cРед.З.И.Кравченко
260 _aМосква
260 _bСельхозгиз
260 _c1956
300 _a464стр.илл.27см.
653 _aПлодоводство
942 _cBK
999 _c45933
_d45933